Management pachových látok na komunálnej ČOV

Guardado en:
Detalles Bibliográficos
Autor principal: Páneková, Magdaléna (Autor)
Otros Autores: Popovičová, Alena (Orientador)
Formato: Manuscrito Libro
Lenguaje:eslovaco
Publicado: 2025
Materias:
Acceso en línea:http://is.stuba.sk/zp/portal_zp.pl?podrobnosti=183447
Etiquetas: Agregar Etiqueta
Sin Etiquetas, Sea el primero en etiquetar este registro!

MARC

LEADER 00000ntm a22000003a 4500
001 stuzp104908
003 SK-STU
005 20250830210520.5
007 ta
008 150427s2015----xo-----f-mn---000-0-slo-d
040 |a STU  |b slo 
041 0 |a slo 
100 1 |a Páneková, Magdaléna  |u 046290  |4 aut  |U FCHPT Ústav chemického a environmentálneho inžinierstva  |T FCHPT Oddelenie environmentálneho inžinierstva  |X 110557  |U C6290  |Y 120  |7 110557 
242 0 1 |a Management of odorous substances at the municipal wastewater treatment plant  |y eng 
245 1 0 |a Management pachových látok na komunálnej ČOV 
260 |c 2025 
650 4 |a sulfán  |2 slo 
650 4 |a zápach  |2 slo 
650 4 |a prahová koncentrácia  |2 slo 
650 4 |a čistiareň odpadových vôd  |2 slo 
650 4 |a amoniak  |2 slo 
650 4 |a odour treshold  |2 eng 
650 4 |a wastewater treatment plant  |2 eng 
650 4 |a ammonia  |2 eng 
650 4 |a sulphane  |2 eng 
650 4 |a odour  |2 eng 
700 1 |a Popovičová, Alena  |u 046290  |k Z8  |4 ths  |U FCHPT Ústav chemického a environmentálneho inžinierstva  |T FCHPT Oddelenie environmentálneho inžinierstva  |X 67833  |U C6290  |Y 120  |7 67833 
856 4 |u http://is.stuba.sk/zp/portal_zp.pl?podrobnosti=183447